01988nab a22002777a 4500999001500000003000400015005001700019008004100036040000700077100003900084245021100123260007300334300001500407500007100422505070300493505008001196505008901276650003501365650002001400650003601420650003901456650002201495700004201517773013801559942001301697 c5646d5646OSt20251226212856.0190603e xxum|||| |||| 00| 0 spa d cPJ 96611aGonzález Girodo, Matías 10aNuevos apuntes con relación al proceso de restricción al ejercicio de la capacidad jurídica, determinación del sistema de apoyos y salvaguardias /cMatías González Girodo, Pedro Darío Tablar.  cCiudad Autónoma de Buenos Aires :aThomson Reuters La Ley, b2025. ap. 136-147 aCita: TR LALEY AR/DOC/1056/2025 Publicado en: RCCyC 2025 (junio). aSumario: I. Introducción.— II. Los actos procesales relevantes mencionados en el fallo.— III. El proceso de "determinación de capacidad jurídica" y sus caracteres.— IV. El escrito de promoción o de revaluación. Apartados y características.— V. El rol del propio interesado: su legitimación dentro del trámite de determinación no puede ser restringida.— VI. Consideraciones respecto de los actos jurídicos con efectos post mortem (testamento) de persona con capacidad restringida.— VII. La incidencia sucedida en el proceso en análisis. La "herramienta procesal". Cuando la forma y la cuestión de fondo se entrecruzan.— VIII. Nuestra perspectiva y reflexión.  aFallo comentado: CCiv. y Com., Necochea ~ 01/10/2024 ~ RGE: Ne-7203- 2023. t¿Te interesa el texto completo? Solicitalo al correo: koha@justierradelfuego.gov.ar 091497aCODIGO CIVIL Y COMERCIAL 092342aCAPACIDAD 093271aPERSONAS CON DISCAPACIDAD 093926aRESTRICCIONES A LA CAPACIDAD 091115aTESTAMENTOS 96612aTablar, Pedro Darío ecoautor0 0271393170dCiudad Autónoma de Buenos Aires : Thomson Reuters La Ley, 2015-tRevista Código Civil y Comercial. Nº 3 - Junio 2025 2udccANA